000 00577cam a2200217 4500
001 5194
005 20181127175004.0
008 111122s2011 bt 000 1 eng
010 _a 2011351040
020 _a9789993683704
042 _alcode
100 1 _aDorji, D. W.
245 1 4 _aThe stain on the moon /
_cD.W. Dorji.
264 1 _a[Thimphu] :
_b[publisher not known],
_c2011.
300 _a121 pages ;
_c16 cm
336 _atext
_2rdacontent
337 _aunmediated
_2rdamedia
338 _avolume
_2rdacarrier
500 _aNovel.
999 _c4355
_d4355